بلدنا والليل والنهار والحريق

محفوظ في:

المؤلف الرئيسي: عبد الهادى الصيفى.

مؤلفون آخرون: على محمد على.

التنسيق: كتاب

اللغة: Undetermined

منشور في: Al-Qāhirah Matbaeat alnahdat alearabia 1969

الوسوم: إضافة وسم

لا توجد وسوم, كن أول من يضع وسما على هذه التسجيلة!

رقم الطلب: P33 SAIF

LEADER 00438nam a2200133Ia 4500
008 240404s9999||||xx |||||||||||||| ||und||
050 4 |a P33 SAIF 
100 1 |a عبد الهادى الصيفى. 
245 1 0 |a بلدنا والليل والنهار والحريق  |c عبد الهادى الصيفى 
264 1 |a Al-Qāhirah  |b Matbaeat alnahdat alearabia  |c 1969 
300 |a 103  |c 17 
700 1 |a على محمد على. 
942 |2 lcc  |c BK 
999 |c 58108  |d 58108